000
00311nam a22001217a 4500
008
170706b xxu||||| |||| 00| 0 eng d
041
_a
eng
080
_a
82
100
_a
22
101
_a
GJL
245
_a
BY AND ABOUT WOMEN AN ANTHOLOGY OF DHORT FICTION
_c
SCHNEIDERMAN.B.K
942
_2
udc
_c
BK
999
_c
19956
_d
19956